000 01143 a2200241 4500
001 170
005 20260407155414.0
008 260407a2006 arg spa d
003 AR-UNSa-BCEJYS
040 _aAR-UNSa-BCEJYS
_bspa
_cAR-UNSa-BCEJYS
080 _a347.45
_xContratos particulares
245 1 0 _aContratos relacionales y defensa del consumidor
020 _a978-987-03-0888-1
250 _a1a. ed
264 1 _aBuenos Aires :
_bUniversidad de Buenos Aires. Facultad de Derecho
_c2006
300 _axxix, 245 p.
_c24 cm
505 _a1. Mercado, Welfarismo y racionalidad jurídica - 2. Contratos en un orden normativo - 3. Mercado de intercambio y forma contractual -4. Elementos para un teoría constractual relacional, contratos discontinuos y contratos relacionales -5. El contexto actual de la protección contractual del consumidor - 6. Previsión privada
041 _aspa
942 _cBK
590 _aniveau_biblio:m niveau_hierar:0
100 1 _aPorto Macedo, Ronaldo
856 4 1 _uhttps://biblioeco.unsa.edu.ar/pmb/images/libros/Contratos Relacionales y Defensa del Consumidor-l117419.jpg
_yImagen de portada
_qimage/jpeg
999 _c131
_d131